[Event "Campeonato Ind. Provincial Absoluto Cast"]
[Site "Club d'Escacs Vila-real, CALLE"]
[Date "2011.11.12"]
[Round "5"]
[White "Arroyo Cabrera, Andres"]
[Black "Gimeno Simo, Sergio"]
[Result "1/2-1/2"]
[WhiteElo "1697"]
[BlackElo "1559"]
[PlyCount "132"]
[EventDate "2011.10.01"]
[EventRounds "7"]
[EventCountry "ESP"]

1. Nc3 Nf6 2. e4 e5 3. Nf3 Nc6 4. Bb5 d6 5. d4 exd4 6. Nxd4 Bd7 7. Bf4 a6 8.
Nxc6 bxc6 9. Bc4 Be6 10. Bxe6 fxe6 11. e5 Nd5 12. Nxd5 cxd5 13. O-O g6 14. c3
Bg7 15. Qa4+ Qd7 16. Qxd7+ Kxd7 17. exd6 cxd6 18. Rfd1 Rab8 19. Rab1 Rhf8 20.
Be3 Rfc8 21. Kf1 Rb7 22. Bd4 Bh6 23. g3 Rcb8 24. b3 Rf8 25. Ke2 Kc6 26. c4 Rf5
27. f4 dxc4 28. bxc4 Rxb1 29. Rxb1 Ra5 30. Rb6+ Kc7 31. Rb2 Rh5 32. h4 e5 33.
fxe5 dxe5 34. Bb6+ Kd7 35. Kf3 Rf5+ 36. Ke4 Bg7 37. c5 Rf1 38. Rd2+ Ke6 39. c6
Rf8 40. c7 Bf6 41. a4 Be7 42. Rc2 Rc8 43. Rc6+ Kd7 44. Kd5 e4 45. Re6 e3 46.
Rxe3 Bd6 47. Rf3 Bxc7 48. Rf7+ Kd8 49. a5 Bxb6 50. axb6 Rc3 51. b7 Rb3 52. Rf8+
Kc7 53. Rf7+ Kb8 54. Kc6 Ka7 55. Rxh7 Rxg3 56. Rh8 Rc3+ 57. Kd5 Kxb7 58. Rh7+
Rc7 59. Rh8 a5 60. Re8 Rh7 61. Re4 Rh5+ 62. Kc4 Kc7 63. Rg4 Kb7 64. Kb3 Kc7 65.
Ka4 Kb7 66. Rxg6 Rxh4+ 1/2-1/2

[Event "Campeonato Ind. Provincial Absoluto Cast"]
[Site "Club d'Escacs Vila-real, CALLE"]
[Date "2011.11.12"]
[Round "5"]
[White "Toledo Lopez, Jose Antonio"]
[Black "Core Lopez, Virginia"]
[Result "1/2-1/2"]
[WhiteElo "1631"]
[BlackElo "1451"]
[PlyCount "48"]
[EventDate "2011.10.01"]
[EventRounds "7"]
[EventCountry "ESP"]

1. d4 Nf6 2. Nf3 g6 3. c4 Bg7 4. Nc3 O-O 5. e4 d6 6. Be2 e5 7. dxe5 dxe5 8.
Qxd8 Rxd8 9. Bg5 Re8 10. Nd5 Nxd5 11. cxd5 c6 12. Bc4 cxd5 13. Bxd5 Nd7 14. Nd2
Nc5 15. Ke2 Ne6 16. Be3 Nf4+ 17. Bxf4 exf4 18. Rab1 Kf8 19. Rhc1 Re7 20. Rc2
Be6 21. Bxe6 Rxe6 22. Rc7 Re7 23. Rxe7 Kxe7 24. Rc1 Kd7 1/2-1/2

[Event "Campeonato Ind. Provincial Absoluto Cast"]
[Site "Club d'Escacs Vila-real, CALLE"]
[Date "2011.11.12"]
[Round "5"]
[White "Rivera Lirio, Francisco"]
[Black "Calestru, Ilie"]
[Result "0-1"]
[WhiteElo "1605"]
[BlackElo "1658"]
[PlyCount "40"]
[EventDate "2011.10.01"]
[EventRounds "7"]
[EventCountry "ESP"]

1. d4 Nf6 2. Nf3 e6 3. Nc3 d5 4. e3 a6 5. Bd3 c5 6. b3 Nc6 7. O-O Bd6 8. e4
cxd4 9. exd5 Nb4 10. Nxd4 Nxd3 11. Qxd3 O-O 12. Nf3 Nxd5 13. Nxd5 exd5 14. Qxd5
Bxh2+ 15. Nxh2 Qxd5 16. Bb2 b5 17. Rad1 Qc6 18. Rd3 Bf5 19. Rg3 Bg6 20. Re1
Rfe8 0-1

[Event "Campeonato Ind. Provincial Absoluto Cast"]
[Site "Club d'Escacs Vila-real, CALLE"]
[Date "2011.11.19"]
[Round "6"]
[White "Remolar Gallen, Jose"]
[Black "Aymerich Rosell, Pablo"]
[Result "1/2-1/2"]
[WhiteElo "2086"]
[BlackElo "2063"]
[PlyCount "45"]
[EventDate "2011.10.01"]
[EventRounds "7"]
[EventCountry "ESP"]

1. e4 c6 2. c4 e5 3. d4 d6 4. Nc3 Nd7 5. f4 exd4 6. Qxd4 Ngf6 7. Nf3 Qb6 8.
Qxb6 Nxb6 9. Be3 Be6 10. b3 d5 11. cxd5 Bb4 12. Bd2 cxd5 13. Bb5+ Kf8 14. Nxd5
Nbxd5 15. exd5 Bxd2+ 16. Nxd2 Nxd5 17. O-O g6 18. Ne4 Ne3 19. Rf2 a6 20. Be2
Rc8 21. Bf3 b5 22. Ng5 Bd5 23. Bxd5 1/2-1/2

[Event "Campeonato Ind. Provincial Absoluto Cast"]
[Site "Club d'Escacs Vila-real, CALLE"]
[Date "2011.11.19"]
[Round "6"]
[White "Jordan Martinez, David"]
[Black "Romero Calduch, Sergio"]
[Result "1-0"]
[WhiteElo "2175"]
[BlackElo "1889"]
[PlyCount "117"]
[EventDate "2011.10.01"]
[EventRounds "7"]
[EventCountry "ESP"]

1. Nf3 Nf6 2. d4 g6 3. c4 Bg7 4. Nc3 O-O 5. e4 d6 6. Be2 Bg4 7. Be3 Nfd7 8. Qb3
Bxf3 9. Bxf3 Nc6 10. Rd1 e5 11. dxe5 Ncxe5 12. Be2 b6 13. O-O Nc5 14. Qc2 a5
15. f4 Nc6 16. Bf3 Qe8 17. Nd5 Nb4 18. Qb1 Nxd5 19. Rxd5 Rd8 20. Bf2 Qe7 21. g3
Rfe8 22. Re1 Na6 23. Kg2 Nb4 24. Rd2 Qe6 25. Red1 Bf6 26. h4 h5 27. a3 Na6 28.
f5 Qd7 29. fxg6 fxg6 30. e5 Rxe5 31. Bd4 Rf5 32. Be4 Bxd4 33. Bxf5 Qxf5 34.
Qxf5 gxf5 35. Rxd4 Kf7 36. Rd5 Kg6 37. Re1 Nc5 38. Re7 Rd7 39. Re8 c6 40. Rd1
d5 41. cxd5 cxd5 42. b4 axb4 43. axb4 Ne4 44. Re6+ Kf7 45. Rxb6 d4 46. Rd3 Rd5
47. Rc6 Nd6 48. Kf3 Ke6 49. Kf4 Kd7 50. Ra6 Ke6 51. b5 Kd7 52. Ra7+ Kc8 53. b6
Kb8 54. Re7 Nc8 55. Re5 Rd8 56. Kxf5 Kb7 57. Kf4 Rg8 58. Rxh5 Kxb6 59. Rxd4 1-0

[Event "Campeonato Ind. Provincial Absoluto Cast"]
[Site "Club d'Escacs Vila-real, CALLE"]
[Date "2011.11.19"]
[Round "6"]
[White "Mezquita Salla, Kevin"]
[Black "Mingarro Carceller, Sergi"]
[Result "0-1"]
[WhiteElo "1684"]
[BlackElo "2093"]
[PlyCount "60"]
[EventDate "2011.10.01"]
[EventRounds "7"]
[EventCountry "ESP"]

1. d4 d5 2. c4 e5 3. cxd5 Qxd5 4. Nf3 e4 5. Nc3 Bb4 6. Qa4+ Nc6 7. Ne5 Qxd4 8.
Qc2 Qxe5 9. e3 Nf6 10. Bd2 O-O 11. a3 Be7 12. Nb5 Ne8 13. Bc4 a6 14. Bc3 Qg5
15. Nd4 Nxd4 16. Bxd4 Bf6 17. O-O-O Bxd4 18. Rxd4 Nd6 19. Bd5 Nb5 20. Rdd1 Bg4
21. Rd2 Rad8 22. Bxe4 Rxd2 23. Kxd2 Nd6 24. Bxh7+ Kh8 25. f4 Qd5+ 26. Ke1 g6
27. Bxg6 fxg6 28. Qxg6 Qd1+ 29. Kf2 Qe2+ 30. Kg3 Nf5+ 0-1

[Event "Campeonato Ind. Provincial Absoluto Cast"]
[Site "Club d'Escacs Vila-real, CALLE"]
[Date "2011.11.19"]
[Round "6"]
[White "Sanchiz Marti, Josep Miquel"]
[Black "Ventura Monfort, Javier"]
[Result "1-0"]
[WhiteElo "1986"]
[BlackElo "1708"]
[PlyCount "137"]
[EventDate "2011.10.01"]
[EventRounds "7"]
[EventCountry "ESP"]

1. Nf3 Nf6 2. g3 d5 3. Bg2 g6 4. d3 Bg7 5. Nbd2 O-O 6. O-O Nbd7 7. Re1 e5 8. e4
d4 9. a4 c5 10. Nc4 Qc7 11. Nh4 Nb6 12. Nd2 Bg4 13. Bf3 Bd7 14. b3 Ne8 15. Bg2
Nd6 16. f4 exf4 17. gxf4 Rae8 18. Ndf3 Bg4 19. Qd2 Qd7 20. Qf2 f5 21. e5 Nf7
22. Ba3 Qc8 23. b4 Nd5 24. Ng5 Ne3 25. Nxf7 Nxg2 26. Nd6 Qd8 27. Nxg2 Re6 28.
Nxb7 Qe7 29. Nxc5 Rb6 30. Qxd4 g5 31. a5 Rg6 32. Qd5+ Kh8 33. Qd7 Qe8 34. Qxe8
Rxe8 35. d4 Bf3 36. Kf2 Bd5 37. fxg5 Rxg5 38. Ne3 Ba8 39. Rg1 Rh5 40. Na6 Be4
41. Nf1 Bh6 42. Bc1 f4 43. Nc5 Bxc2 44. Nd7 Rc8 45. Nf6 Rh3 46. Bd2 Rd3 47. Rc1
Bg7 48. Nh5 Bh6 49. Bxf4 Bxf4 50. Nxf4 Rxd4 51. Ne6 Rxb4 52. Ne3 Rb7 53. Kf3
Rb3 54. Nd4 Rf8+ 55. Ke2 Bd3+ 56. Kd2 Ra3 57. Rg3 Rxa5 58. Kxd3 Rxe5 59. Rc7 a5
60. Rgg7 Rh5 61. Ne6 Rg8 62. Rxg8+ Kxg8 63. Rg7+ Kh8 64. Rg2 h6 65. Nc4 Rd5+
66. Ke4 Rh5 67. Nd6 Rh4+ 68. Kf3 Rh3+ 69. Ke2 1-0

[Event "Campeonato Ind. Provincial Absoluto Cast"]
[Site "Club d'Escacs Vila-real, CALLE"]
[Date "2011.11.19"]
[Round "6"]
[White "Lopez Benlloch, Vicente"]
[Black "Jordan Martinez, Miguel"]
[Result "0-1"]
[WhiteElo "1599"]
[BlackElo "2184"]
[PlyCount "40"]
[EventDate "2011.10.01"]
[EventRounds "7"]
[EventCountry "ESP"]

1. e4 e6 2. d4 d5 3. Nd2 Nf6 4. Bd3 c5 5. e5 Nfd7 6. c3 Nc6 7. Ne2 Be7 8. f4
O-O 9. O-O cxd4 10. cxd4 f6 11. Nf3 Qb6 12. Kh1 Nb4 13. Bb1 Nb8 14. a3 N4c6 15.
Qc2 f5 16. Be3 Bd7 17. Nc3 Na5 18. Ba2 Rc8 19. b4 Nc4 20. Bxc4 Rxc4 {
La partida está mal apuntada aquí, se impuso el negro tras 39 jugadas.} 0-1

[Event "Campeonato Ind. Provincial Absoluto Cast"]
[Site "Club d'Escacs Vila-real, CALLE"]
[Date "2011.11.19"]
[Round "6"]
[White "Ballester Clausell, David"]
[Black "Ventura Monfort, Santiago"]
[Result "0-1"]
[WhiteElo "1883"]
[BlackElo "2016"]
[PlyCount "92"]
[EventDate "2011.10.01"]
[EventRounds "7"]
[EventCountry "ESP"]

1. e4 c5 2. Nf3 d6 3. d4 cxd4 4. Nxd4 Nf6 5. Nc3 a6 6. Be2 e5 7. Nb3 Be6 8. Bg5
Nbd7 9. Qd3 Be7 10. O-O-O Qc7 11. f4 h6 12. Bxf6 Nxf6 13. f5 Bd7 14. g4 b5 15.
h4 b4 16. Nd5 Nxd5 17. Qxd5 Bc6 18. Qd3 Rc8 19. Kb1 a5 20. Bf3 Rb8 21. Qd2 a4
22. Nc1 Rb6 23. Nd3 Qb7 24. g5 b3 25. cxb3 axb3 26. a3 Bxe4 27. Bxe4 Qxe4 28.
Qa5 Bd8 29. Qa7 hxg5 30. h5 Qxf5 31. Rhf1 Qd7 32. Qxd7+ Kxd7 33. Rxf7+ Ke6 34.
Rxg7 Rxh5 35. Rf1 e4 36. Rg6+ Kd5 37. Nb4+ Ke5 38. Rg8 Be7 39. Rg7 Bf6 40. Rg8
d5 41. Re8+ Re6 42. Rc8 e3 43. Rc3 Ke4 44. Rd3 g4 45. Re1 d4 46. a4 g3 0-1

[Event "Campeonato Ind. Provincial Absoluto Cast"]
[Site "Club d'Escacs Vila-real, CALLE"]
[Date "2011.11.19"]
[Round "6"]
[White "Gimeno Simo, Sergio"]
[Black "Moran Marzal, Fancisco Javier"]
[Result "0-1"]
[WhiteElo "1559"]
[BlackElo "1796"]
[PlyCount "50"]
[EventDate "2011.10.01"]
[EventRounds "7"]
[EventCountry "ESP"]

1. e4 c5 2. Nc3 Nc6 3. d3 g6 4. f4 Bg7 5. g3 e6 6. Bg2 Nge7 7. Nf3 d5 8. e5 O-O
9. O-O Bd7 10. Ne2 f6 11. exf6 Bxf6 12. g4 e5 13. fxe5 Nxe5 14. Nxe5 Bxe5 15.
h3 Rxf1+ 16. Qxf1 Bc6 17. Bg5 Qc7 18. Nc3 Rf8 19. Qe2 d4 20. Ne4 b6 21. Re1 Nd5
22. Bh6 Re8 23. Qf2 Ne3 24. Bxe3 dxe3 25. Qxe3 Bd4 0-1

[Event "Campeonato Ind. Provincial Absoluto Cast"]
[Site "Club d'Escacs Vila-real, CALLE"]
[Date "2011.11.19"]
[Round "6"]
[White "Torres Espinosa, Raul"]
[Black "Arambul Ripolles, Javier"]
[Result "1/2-1/2"]
[WhiteElo "1844"]
[BlackElo "1707"]
[PlyCount "55"]
[EventDate "2011.10.01"]
[EventRounds "7"]
[EventCountry "ESP"]

1. d4 Nf6 2. Nf3 g6 3. c4 Bg7 4. Nc3 O-O 5. e4 d6 6. Be2 e5 7. O-O Nc6 8. d5
Ne7 9. b4 Ne8 10. c5 f5 11. Ng5 Nf6 12. f3 f4 13. Ne6 Bxe6 14. dxe6 Ne8 15. Qb3
Kh8 16. Rd1 Rf6 17. Ba3 Bf8 18. Nb5 a6 19. Nc3 Nc6 20. Nd5 Rxe6 21. Nxf4 Rf6
22. Nd5 Nd4 23. Rxd4 exd4 24. Nxf6 Qxf6 25. Bb2 dxc5 26. bxc5 Bxc5 27. Kf1 Qb6
28. Bc4 1/2-1/2

[Event "Campeonato Ind. Provincial Absoluto Cast"]
[Site "Club d'Escacs Vila-real, CALLE"]
[Date "2011.11.26"]
[Round "7"]
[White "Sos Andreu, Erik"]
[Black "Remolar Gallen, Jose"]
[Result "1-0"]
[WhiteElo "2070"]
[BlackElo "2086"]
[PlyCount "113"]
[EventDate "2011.10.01"]
[EventRounds "7"]
[EventCountry "ESP"]

1. Nf3 Nf6 2. c4 e6 3. g3 d5 4. d4 Be7 5. Bg2 O-O 6. O-O dxc4 7. Qc2 a6 8. Qxc4
b5 9. Qc2 Bb7 10. Bf4 Nc6 11. Rd1 Bd6 12. a3 Bxf4 13. gxf4 Na5 14. Nbd2 Qd6 15.
e3 Rfc8 16. Rac1 Rab8 17. b4 Nc6 18. Ng5 Nd8 19. Bxb7 Rxb7 20. Nde4 Nxe4 21.
Qxe4 g6 22. Qe5 Nc6 23. Qxd6 cxd6 24. Ne4 Ne7 25. Nxd6 Rxc1 26. Rxc1 Ra7 27.
Nc8 Nxc8 28. Rxc8+ Kg7 29. Kg2 Kf6 30. Kf3 Ke7 31. Rc5 Kd6 32. Ke4 f5+ 33. Kd3
Ra8 34. f3 Rf8 35. h4 h6 36. Rc1 Rd8 37. Rg1 Rg8 38. h5 g5 39. fxg5 hxg5 40. h6
Rh8 41. Rh1 e5 42. h7 g4 43. Rh6+ Ke7 44. fxg4 e4+ 45. Ke2 fxg4 46. Rxa6 g3 47.
Kf1 Kf7 48. Rh6 Kg7 49. Rh4 Rf8+ 50. Kg2 Kh8 51. Rxe4 Ra8 52. Kxg3 Rxa3 53. Kf4
Ra6 54. Re5 Rb6 55. Rh5 Rf6+ 56. Ke4 Re6+ 57. Kd3 1-0

[Event "Campeonato Ind. Provincial Absoluto Cast"]
[Site "Club d'Escacs Vila-real, CALLE"]
[Date "2011.11.26"]
[Round "7"]
[White "Aymerich Rosell, Pablo"]
[Black "Jordan Martinez, David"]
[Result "1/2-1/2"]
[WhiteElo "2063"]
[BlackElo "2175"]
[PlyCount "118"]
[EventDate "2011.10.01"]
[EventRounds "7"]
[EventCountry "ESP"]

1. d4 Nf6 2. c4 g6 3. Nc3 Bg7 4. e4 d6 5. f4 O-O 6. Nf3 c5 7. d5 e6 8. dxe6
fxe6 9. Bd3 Nc6 10. O-O Qe7 11. Kh1 Bd7 12. Qe1 Nd4 13. Qh4 Nxf3 14. Rxf3 Nd5
15. Qxe7 Nxe7 16. Nb5 Nc8 17. Rb1 a6 18. Nc3 Ne7 19. Be3 Bc6 20. Rf2 b6 21. Rd1
Rad8 22. h3 Bd4 23. Bxd4 cxd4 24. Ne2 e5 25. Kh2 Rf6 26. g4 exf4 27. Rxf4 Rxf4
28. Nxf4 Bd7 29. Bc2 Nc6 30. Nd5 Be6 31. Kg3 Rf8 32. Ba4 Bxd5 33. cxd5 Ne5 34.
Rxd4 Rf3+ 35. Kg2 Re3 36. Bd1 g5 37. a4 Nd3 38. Rc4 Nxb2 39. Rc8+ Kg7 40. Bf3
Nxa4 41. Rc6 Nc5 42. Rxd6 Nd3 43. Rxb6 Ne1+ 44. Kf2 Rxf3+ 45. Kxe1 Re3+ 46. Kf2
Rxe4 47. Rxa6 Rd4 48. d6 Rd3 49. Ra7+ Kg6 50. d7 Kf6 51. Ke2 Rd5 52. d8=Q+ Rxd8
53. Rxh7 Ra8 54. Rh5 Kg6 55. Kf3 Ra3+ 56. Ke4 Ra4+ 57. Kf3 Ra3+ 58. Ke4 Ra4+
59. Kf3 Ra3+ 1/2-1/2

[Event "Campeonato Ind. Provincial Absoluto Cast"]
[Site "Club d'Escacs Vila-real, CALLE"]
[Date "2011.11.26"]
[Round "7"]
[White "Mingarro Carceller, Sergi"]
[Black "Sanchiz Marti, Josep Miquel"]
[Result "1-0"]
[WhiteElo "2093"]
[BlackElo "1986"]
[PlyCount "97"]
[EventDate "2011.10.01"]
[EventRounds "7"]
[EventCountry "ESP"]

1. e4 g6 2. d4 Bg7 3. Nc3 d6 4. h3 a6 5. g4 b5 6. Bg2 Bb7 7. Be3 Nf6 8. a3 O-O
9. Nge2 e5 10. d5 c6 11. g5 Ne8 12. O-O c5 13. Ng3 Nd7 14. Nce2 Bc8 15. c3 f6
16. h4 Rf7 17. Kh1 Nb6 18. f4 Nc4 19. Bc1 exf4 20. Rxf4 fxg5 21. Rxf7 Kxf7 22.
Bxg5 Bf6 23. Qf1 Kg7 24. Qf4 Nxb2 25. Rf1 Nd3 26. Qe3 Bxg5 27. hxg5 Ne5 28. Nf4
Ra7 29. Ne6+ Bxe6 30. dxe6 Kg8 31. Bh3 Ng7 32. Rd1 Qe7 33. Nf5 gxf5 34. exf5
Nxe6 35. fxe6 Ra8 36. Qe4 Rf8 37. Qd5 Nc4 38. Rg1 Kg7 39. a4 Nb6 40. Qe4 Nxa4
41. c4 Nc3 42. Qd3 b4 43. Bf5 Rh8 44. Rf1 Rf8 45. Rg1 Rh8 46. Rf1 a5 47. Qh3
Ne2 48. Bd3 Qb7+ 49. Kh2 {TIEMPO DE SANCHIZ.} 1-0

[Event "Campeonato Ind. Provincial Absoluto Cast"]
[Site "Club d'Escacs Vila-real, CALLE"]
[Date "2011.11.26"]
[Round "7"]
[White "Jordan Martinez, Miguel"]
[Black "Ventura Monfort, Santiago"]
[Result "0-1"]
[WhiteElo "2184"]
[BlackElo "2016"]
[PlyCount "108"]
[EventDate "2011.10.01"]
[EventRounds "7"]
[EventCountry "ESP"]

1. e4 c6 2. d4 d5 3. Nc3 dxe4 4. Nxe4 Bf5 5. Nc5 e5 6. Nxb7 Qb6 7. Nc5 Bxc5 8.
dxc5 Qxc5 9. c3 Nf6 10. Be3 Qe7 11. Nf3 O-O 12. Bc4 Nbd7 13. Qe2 Nd5 14. Rd1
N7b6 15. Bxb6 Nxb6 16. Bb3 c5 17. O-O Rac8 18. Nd2 Kh8 19. f4 c4 20. Qxe5 Qxe5
21. fxe5 Bg4 22. Bc2 Bxd1 23. Bxd1 Rce8 24. Be2 Rxe5 25. Bxc4 Nxc4 26. Nxc4 Re2
27. Rf2 Re1+ 28. Rf1 Rxf1+ 29. Kxf1 f5 30. Ke2 g5 31. a4 Kg7 32. b4 Kf6 33. b5
Ke6 34. Na5 Kd6 35. Nb7+ Kc7 36. Nc5 Re8+ 37. Kf3 h5 38. g3 Kd6 39. Nb7+ Ke5
40. Na5 g4+ 41. Ke3 Kd5+ 42. Kf4 Re4+ 43. Kxf5 Rxa4 44. Nc6 Kc5 45. Nd4 Rc4 46.
Kg5 Rxc3 47. Nc6 a6 48. bxa6 Kxc6 49. Kxh5 Rc4 50. Kh4 Kb6 51. h3 gxh3+ 52.
Kxh3 Kc6 53. g4 Kd6 54. Kh4 Ke7 0-1

[Event "Campeonato Ind. Provincial Absoluto Cast"]
[Site "Club d'Escacs Vila-real, CALLE"]
[Date "2011.11.26"]
[Round "7"]
[White "Romero Calduch, Sergio"]
[Black "Perez Martinez, Alejandro"]
[Result "1/2-1/2"]
[WhiteElo "1889"]
[BlackElo "1965"]
[PlyCount "133"]
[EventDate "2011.10.01"]
[EventRounds "7"]
[EventCountry "ESP"]

1. d4 Nf6 2. c4 c5 3. d5 b5 4. cxb5 a6 5. bxa6 Bxa6 6. Nc3 d6 7. e4 Bxf1 8.
Kxf1 g6 9. Nf3 Bg7 10. h3 Nbd7 11. Kg1 O-O 12. Kh2 Ra6 13. Re1 Qa8 14. Qd3 Rb8
15. e5 dxe5 16. Nxe5 Nxe5 17. Rxe5 Ng4+ 18. hxg4 Bxe5+ 19. g3 Bxc3 20. bxc3
Rxa2 21. Rxa2 Qxa2 22. Be3 Qb1 23. Qxb1 Rxb1 24. Bxc5 Kf8 25. d6 exd6 26. Bxd6+
Ke8 27. Bf4 Rb2 28. Kg2 Rc2 29. Be5 Kd7 30. Kf3 Ke6 31. Bd4 f5 32. Kf4 fxg4 33.
Kxg4 Ra2 34. Kg5 Ra5+ 35. Kf4 h5 36. Ke4 g5 37. Kf3 Kf5 38. Kg2 Ra2 39. Be3 Rc2
40. Bd4 Kg4 41. Bf6 Kf5 42. Bd4 Ke4 43. Be3 g4 44. Bd4 Kd3 45. Bf6 Ke2 46. Bd4
Ra2 47. Be3 Ra4 48. Bd4 Rc4 49. Bf6 Rc7 50. Be5 Re7 51. Bf6 Rf7 52. Bd4 Rf3 53.
Kg1 Rd3 54. Kg2 Kd2 55. Be5 Rf3 56. Bg7 Kd3 57. Bh8 Ke4 58. Bg7 Kf5 59. Bh8 Kg5
60. Bd4 h4 61. Be3+ Kh5 62. gxh4 Kxh4 63. Kh2 Kh5 64. Kg2 Kg6 65. Bd4 Kf5 66.
Be3 Ke4 67. Bd4 {Y asi hasta la 107, tablas tras larga lucha.} 1/2-1/2

[Event "Campeonato Ind. Provincial Absoluto Cast"]
[Site "Club d'Escacs Vila-real, CALLE"]
[Date "2011.11.26"]
[Round "7"]
[White "Moran Marzal, Fancisco Javier"]
[Black "Mezquita Salla, Kevin"]
[Result "0-1"]
[WhiteElo "1796"]
[BlackElo "1684"]
[PlyCount "100"]
[EventDate "2011.10.01"]
[EventRounds "7"]
[EventCountry "ESP"]

1. d4 Nf6 2. c4 e6 3. Nf3 b6 4. g3 Bb7 5. Bg2 Be7 6. Nc3 Ne4 7. Nxe4 Bxe4 8.
O-O O-O 9. Ne1 Bxg2 10. Nxg2 d5 11. cxd5 exd5 12. Bf4 c5 13. dxc5 bxc5 14. Ne3
d4 15. Nc4 Qd5 16. Qb3 Nc6 17. Na5 Qxb3 18. Nxb3 Rfe8 19. Rfc1 g5 20. Bxg5 Bxg5
21. Rxc5 Bd8 22. Rxc6 Rxe2 23. Nxd4 Rxb2 24. Rc2 Rab8 25. Rac1 Bg5 26. f4 Bf6
27. Nb3 h5 28. Rxb2 Bxb2 29. Rc2 Bf6 30. Kf2 Kg7 31. Kf3 Bd8 32. Rc5 Kg6 33.
Rc6+ f6 34. Rc5 Bb6 35. f5+ Kg7 36. Rd5 Re8 37. Nd4 Re1 38. Ne6+ Kg8 39. Nf4
Rf1+ 40. Ke4 Re1+ 41. Kd3 h4 42. gxh4 Rd1+ 43. Kc2 Rh1 44. Rd2 Be3 45. Rd8+ Kf7
46. Ne2 Rxh2 47. Kd3 Rh3 48. Ke4 Bb6 49. Nd4 Rxh4+ 50. Kd3 Bxd8 0-1

[Event "Campeonato Ind. Provincial Absoluto Cast"]
[Site "Club d'Escacs Vila-real, CALLE"]
[Date "2011.11.26"]
[Round "7"]
[White "Viciano Barrachina, Aitor"]
[Black "Torres Espinosa, Raul"]
[Result "1/2-1/2"]
[WhiteElo "1792"]
[BlackElo "1844"]
[PlyCount "126"]
[EventDate "2011.10.01"]
[EventRounds "7"]
[EventCountry "ESP"]

1. e4 c5 2. c3 e6 3. d4 d5 4. exd5 Qxd5 5. Nf3 Nf6 6. Na3 Qd8 7. Nc2 Be7 8. Be2
Nc6 9. O-O cxd4 10. Ncxd4 Bd7 11. Bf4 Qb6 12. Nb5 e5 13. Be3 Qa5 14. b4 Qd8 15.
Bc4 O-O 16. Qb3 a6 17. Na3 h6 18. Rfd1 Qc7 19. Qc2 Bd6 20. Bd3 Rfe8 21. Be4 Bg4
22. Nc4 Nxe4 23. Qxe4 Bxf3 24. Qxf3 Rad8 25. Bb6 Qe7 26. Bxd8 Rxd8 27. Nxd6
Rxd6 28. Rxd6 Qxd6 29. Rd1 Qe6 30. Qd5 Qf5 31. h3 Qc2 32. Qd2 Qf5 33. Qd7 Qc2
34. Qd2 Qf5 35. Qd3 Qh5 36. Rd2 Qg5 37. Qe3 Qf5 38. a4 h5 39. b5 axb5 40. Qd3
Qxd3 41. Rxd3 bxa4 42. c4 Na5 43. Ra3 Nxc4 44. Rxa4 b5 45. Ra8+ Kh7 46. Rb8 Na3
47. Kf1 Kg6 48. Ke2 f6 49. Kd3 Kf5 50. Kc3 g5 51. Kb3 Nc4 52. Rxb5 Nd2+ 53. Kc2
Ne4 54. f3 Ng3 55. Kd2 h4 56. Ke3 Nh5 57. Kf2 Ng3 58. Ra5 Kf4 59. Ra3 f5 60.
Rb3 e4 61. Ra3 Nh1+ 62. Kg1 Ng3 63. Kf2 Nh1+ 1/2-1/2

[Event "Campeonato Ind. Provincial Absoluto Cast"]
[Site "Club d'Escacs Vila-real, CALLE"]
[Date "2011.11.26"]
[Round "7"]
[White "Arambul Ripolles, Javier"]
[Black "Peicea, Fiodor"]
[Result "1-0"]
[WhiteElo "1707"]
[BlackElo "1544"]
[PlyCount "65"]
[EventDate "2011.10.01"]
[EventRounds "7"]
[EventCountry "ESP"]

1. e4 c5 2. Nf3 d6 3. d4 cxd4 4. Nxd4 Nf6 5. Nc3 g6 6. Bc4 Bg7 7. Bb3 O-O 8.
O-O Nc6 9. Nxc6 bxc6 10. Bg5 Bb7 11. Re1 Qc7 12. Qd2 Rad8 13. Rad1 Rfe8 14. Bh6
Ng4 15. Bxg7 Kxg7 16. Qf4 Ne5 17. Re3 Bc8 18. h4 h5 19. f3 Rf8 20. Re2 f5 21.
Kh1 fxe4 22. Qxe4 Rf6 23. Qe3 Rdf8 24. Rd4 Bb7 25. f4 c5 26. Ra4 c4 27. fxe5
Rf1+ 28. Kh2 cxb3 29. axb3 Qc6 30. Rxa7 Re1 31. Rxb7 Rxe2 32. Rxe7+ Kg8 33.
Nxe2 1-0

[Event "CAMPEONATO PROVINCIAL ABSOLUTO de ALICAN"]
[Site "Elche"]
[Date "2011.10.01"]
[Round "1"]
[White "Sanchez Jerez, Emilio Miguel"]
[Black "Tonus, Alex"]
[Result "1-0"]
[WhiteElo "2275"]
[BlackElo "1965"]
[PlyCount "63"]
[EventDate "2011.10.01"]
[EventRounds "7"]
[EventCountry "ESP"]

1. d4 Nf6 2. Nc3 d5 3. Bg5 Nbd7 4. Nf3 c6 5. e3 g6 6. Bd3 Bg7 7. O-O O-O 8. h3
c5 9. Re1 b6 10. e4 dxe4 11. Nxe4 Bb7 12. c3 Rc8 13. Qe2 Re8 14. Rad1 Qc7 15.
Nxf6+ exf6 16. Qxe8+ Rxe8 17. Rxe8+ Nf8 18. Bh4 Bxf3 19. gxf3 Qd7 20. Ree1 Qxh3
21. Bg3 h5 22. d5 h4 23. Bf1 Qf5 24. Bxh4 Qxf3 25. Bg3 f5 26. Be2 Qe4 27. d6 f4
28. Bg4 Qc4 29. Bh2 Qxa2 30. Re8 Qxb2 31. Bxf4 Kh7 32. Kg2 1-0

[Event "CAMPEONATO PROVINCIAL ABSOLUTO de ALICAN"]
[Site "Elche"]
[Date "2011.10.01"]
[Round "1"]
[White "Pinos Rubio, Roberto"]
[Black "Sanchez Barbado, Carlos"]
[Result "0-1"]
[WhiteElo "1956"]
[BlackElo "2180"]
[PlyCount "28"]
[EventDate "2011.10.01"]
[EventRounds "7"]
[EventCountry "ESP"]

1. e4 c5 2. Nf3 e6 3. d4 cxd4 4. Nxd4 Nf6 5. Nc3 Nc6 6. Ndb5 Bb4 7. Bf4 Nxe4 8.
Qf3 d5 9. Nc7+ Kf8 10. Nxa8 e5 11. O-O-O Bxc3 12. bxc3 Qa5 13. Rd3 Qxa2 14. Kd1
Bg4 0-1

[Event "CAMPEONATO PROVINCIAL ABSOLUTO de ALICAN"]
[Site "Elche"]
[Date "2011.10.01"]
[Round "1"]
[White "Bendayan Claros, Aaron"]
[Black "Esquerdo Nogueroles, Gaspar"]
[Result "1-0"]
[WhiteElo "2175"]
[BlackElo "1951"]
[PlyCount "57"]
[EventDate "2011.10.01"]
[EventRounds "7"]
[EventCountry "ESP"]

1. d4 Nf6 2. c4 e6 3. Nf3 b6 4. a3 d5 5. Nc3 Bb7 6. cxd5 Nxd5 7. Qc2 Be7 8. e4
Nxc3 9. bxc3 c5 10. Bb5+ Bc6 11. Bxc6+ Nxc6 12. O-O O-O 13. Rd1 cxd4 14. cxd4
Rc8 15. Qa4 Bf6 16. Be3 Na5 17. Ra2 Rc4 18. Qb5 Qc7 19. Qb1 Rc8 20. d5 Be7 21.
g3 Rc3 22. Kg2 exd5 23. exd5 Nc4 24. Bf4 Bd6 25. Ng5 g6 26. Ne4 Rxa3 27. Bxd6
Nxd6 28. Rxa3 Nxe4 29. Qxe4 1-0

[Event "CAMPEONATO PROVINCIAL ABSOLUTO de ALICAN"]
[Site "Elche"]
[Date "2011.10.01"]
[Round "1"]
[White "Vieito Soria, Luis Maria"]
[Black "Varga, Mariano"]
[Result "1-0"]
[WhiteElo "1930"]
[BlackElo "2143"]
[PlyCount "87"]
[EventDate "2011.10.01"]
[EventRounds "7"]
[EventCountry "ESP"]

1. Nf3 d5 2. g3 Nf6 3. Bg2 g6 4. O-O Bg7 5. d3 O-O 6. Nbd2 Nc6 7. Re1 h6 8. e4
dxe4 9. dxe4 Bg4 10. h3 Be6 11. c3 Qd7 12. Kh2 Rfd8 13. Qc2 Qd3 14. Qxd3 Rxd3
15. Bf1 Rdd8 16. Kg2 Nd7 17. Nc4 Nc5 18. Be3 Nd3 19. Bxd3 Rxd3 20. Na3 a6 21.
Nc2 Rdd8 22. Nfd4 Bd7 23. Rad1 e5 24. Nxc6 Bxc6 25. f3 a5 26. Bg1 f5 27. exf5
gxf5 28. Ne3 f4 29. Nf5 Bf8 30. gxf4 e4 31. Bd4 exf3+ 32. Kf2 Re8 33. Re5 Rxe5
34. fxe5 Bd7 35. Rg1+ Kh7 36. Nh4 c5 37. Be3 Re8 38. Ng6 Bg7 39. Bxc5 Bxh3 40.
Nf4 Bf5 41. e6 Be4 42. Nh5 Be5 43. Re1 Rc8 44. Rxe4 1-0